Normal view
MARC view
- Misiak, Henryk,
Entry Personal Name
001 - CONTROL NUMBER
- control field: 105182
003 - CONTROL NUMBER IDENTIFIER
- control field: NUST
005 - DATE AND TIME OF LATEST TRANSACTION
- control field: 20221219112206.0
008 - FIXED-LENGTH DATA ELEMENTS
- fixed length control field: 221219|| aca||aabn | a|a d
040 ## - CATALOGING SOURCE
- Original cataloging agency: NUST
- Transcribing agency: NUST
100 ## - HEADING--PERSONAL NAME
- Personal name: Misiak, Henryk,
- Dates associated with a name: 1911-
670 ## - SOURCE DATA FOUND
- Source citation: Work cat.: (NUST)177002: Psychology around the world /, c1976.
